<?xml version="1.0" encoding="UTF-8"?>
<collection xmlns="http://www.loc.gov/MARC21/slim">
 <record>
  <leader>01934naa a2200373   4500</leader>
  <controlfield tag="001">1778267106</controlfield>
  <controlfield tag="003">DE-627</controlfield>
  <controlfield tag="005">20211122154105.0</controlfield>
  <controlfield tag="007">cr uuu---uuuuu</controlfield>
  <controlfield tag="008">211122s2002    xx |||||o     00| ||spa c</controlfield>
  <datafield tag="024" ind1="7" ind2=" ">
   <subfield code="a">10.24310/BoLArte.2002.v0i23.4779</subfield>
   <subfield code="2">doi</subfield>
  </datafield>
  <datafield tag="035" ind1=" " ind2=" ">
   <subfield code="a">(DE-627)1778267106</subfield>
  </datafield>
  <datafield tag="035" ind1=" " ind2=" ">
   <subfield code="a">(DE-599)KXP1778267106</subfield>
  </datafield>
  <datafield tag="040" ind1=" " ind2=" ">
   <subfield code="a">DE-627</subfield>
   <subfield code="b">ger</subfield>
   <subfield code="c">DE-627</subfield>
   <subfield code="e">rda</subfield>
  </datafield>
  <datafield tag="041" ind1=" " ind2=" ">
   <subfield code="a">spa</subfield>
  </datafield>
  <datafield tag="084" ind1=" " ind2=" ">
   <subfield code="a">KUNST</subfield>
   <subfield code="q">DE-16</subfield>
   <subfield code="2">fid</subfield>
  </datafield>
  <datafield tag="100" ind1="1" ind2=" ">
   <subfield code="a">Calderón Roca, Belén</subfield>
   <subfield code="e">VerfasserIn</subfield>
   <subfield code="0">(DE-588)1212883837</subfield>
   <subfield code="0">(DE-627)1702943712</subfield>
   <subfield code="4">aut</subfield>
  </datafield>
  <datafield tag="245" ind1="1" ind2="3">
   <subfield code="a">La Gestión del Patrimonio Cultural</subfield>
   <subfield code="b">la transmisión de un legado</subfield>
   <subfield code="c">Belén Calderón Roca</subfield>
  </datafield>
  <datafield tag="264" ind1=" " ind2="1">
   <subfield code="c">2002</subfield>
  </datafield>
  <datafield tag="336" ind1=" " ind2=" ">
   <subfield code="a">Text</subfield>
   <subfield code="b">txt</subfield>
   <subfield code="2">rdacontent</subfield>
  </datafield>
  <datafield tag="337" ind1=" " ind2=" ">
   <subfield code="a">Computermedien</subfield>
   <subfield code="b">c</subfield>
   <subfield code="2">rdamedia</subfield>
  </datafield>
  <datafield tag="338" ind1=" " ind2=" ">
   <subfield code="a">Online-Ressource</subfield>
   <subfield code="b">cr</subfield>
   <subfield code="2">rdacarrier</subfield>
  </datafield>
  <datafield tag="500" ind1=" " ind2=" ">
   <subfield code="a">Ausstellungsrezension</subfield>
  </datafield>
  <datafield tag="520" ind1=" " ind2=" ">
   <subfield code="a">A finales del año pasado y durante tres días se pudo asistir a un excelente evento organizado por la Fundación del Patrimonio Histórico de Castilla y León, en el que se dieron cita profesionales de la gestión del Patrimonio Cultural pertenecientes a diferentes ámbitos de trabajo y procedentes de diversas regiones y países.</subfield>
  </datafield>
  <datafield tag="773" ind1="0" ind2="8">
   <subfield code="i">Enthalten in</subfield>
   <subfield code="t">Boletin de arte</subfield>
   <subfield code="d">Malaga, 1999</subfield>
   <subfield code="g">23(2002), Seite 671-673</subfield>
   <subfield code="w">(DE-627)805401458</subfield>
   <subfield code="w">(DE-600)2800739-6</subfield>
   <subfield code="w">(DE-576)420019847</subfield>
   <subfield code="x">2695-415X</subfield>
   <subfield code="7">|||s</subfield>
  </datafield>
  <datafield tag="773" ind1="1" ind2="8">
   <subfield code="g">volume:23</subfield>
   <subfield code="g">year:2002</subfield>
   <subfield code="g">pages:671-673</subfield>
  </datafield>
  <datafield tag="856" ind1="4" ind2="0">
   <subfield code="u">https://doi.org/10.24310/BoLArte.2002.v0i23.4779</subfield>
   <subfield code="x">Verlag</subfield>
   <subfield code="x">Resolving-System</subfield>
   <subfield code="z">kostenfrei</subfield>
   <subfield code="3">Volltext</subfield>
  </datafield>
  <datafield tag="856" ind1="4" ind2="0">
   <subfield code="u">https://revistas.uma.es/index.php/boletin-de-arte/article/view/4779</subfield>
   <subfield code="x">Verlag</subfield>
   <subfield code="z">kostenfrei</subfield>
   <subfield code="3">Volltext</subfield>
  </datafield>
  <datafield tag="936" ind1="u" ind2="w">
   <subfield code="d">23</subfield>
   <subfield code="j">2002</subfield>
   <subfield code="h">671-673</subfield>
  </datafield>
  <datafield tag="951" ind1=" " ind2=" ">
   <subfield code="a">AR</subfield>
  </datafield>
  <datafield tag="994" ind1=" " ind2=" ">
   <subfield code="u">https://revistas.uma.es/index.php/boletin-de-arte/article/download/4779/4460/</subfield>
  </datafield>
  <datafield tag="994" ind1=" " ind2=" ">
   <subfield code="u">https://revistas.uma.es/index.php/boletin-de-arte/article/download/4779/4460/</subfield>
  </datafield>
  <datafield tag="991" ind1=" " ind2=" ">
   <subfield code="a">Rezension (Veranstaltung, Ausstellung)</subfield>
  </datafield>
  <datafield tag="999" ind1=" " ind2=" ">
   <subfield code="a">KXP-PPN1778267106</subfield>
   <subfield code="e">4034390174</subfield>
  </datafield>
 </record>
</collection>
